01201 2200241 4500001002100000005001500021035002000036007000300056008004100059020002200100082001000122084001600132100002000148245012000168250000600288260004700294300004600341700001900387700001700406650005600423520046300479990001700942INLIS00000000000087920260506071419 a0010-0823000043ta260506 j 0 ind  a978-979-063-479-4 a611.6 a611.6 DED s0 aDede Abdurohman1 aSistem Ekskresi :bjalan pembuangan terakhir /cDede Abdurohman ; editor, Tatik Widyah R ; ilustrator, Imam Permana a- aJakarta :bNectar ( Anggota IKAPI ),c2013 a32 :bilus. ; gambar berwarna ;c28 cme-0 aTatik Widyah R0 aImam Permana 4aFungsi saraf dan indera perasa - Bacaan Kanak-kanak aTahukah kamu bagaimana sistem kerja ekskresi kita Apa saja fungsi dari alat alat pembuangan kita Bagaimana proses pembentukan urin dan keringat Kenapa keringat kita bisa bau Kenapa kulit kita bisa merinding Ingin tahu jawabannya Bersama Rara dan Dio kita akan berpetualang menjelajahi cara kerja sistem ekskresi manusia dan hal hal unik lainnya yang menakjubkan Dapatkan petualangan seru lainnya dalam buku Seri Bagaimana Organ Tubuhmu Bekerja Detail Buku a00084/K/2017